1000 difficult Bible questions answered, (Record no. 1060)
[ view plain ]
| 000 -LEADER | |
|---|---|
| fixed length control field | 00795cam a22002411 4500 |
| 001 - CONTROL NUMBER | |
| control field | 3586543 |
| 003 - CONTROL NUMBER IDENTIFIER | |
| control field | GBCCL |
| 005 - DATE AND TIME OF LATEST TRANSACTION | |
| control field | 20241126110352.0 |
| 008 - FIXED-LENGTH DATA ELEMENTS--GENERAL INFORMATION | |
| fixed length control field | 770816r1965 miu 000 0 eng |
| 010 ## - | |
| -- | 65007430 |
| 040 ## - CATALOGING SOURCE | |
| Original cataloging agency | DLC |
| Transcribing agency | MBU-T |
| Modifying agency | DLC |
| 050 10 - | |
| -- | BS612 |
| 082 00 - DEWEY DECIMAL CLASSIFICATION NUMBER | |
| Classification number | 220.076 |
| Item number | SAN |
| 100 1# - MAIN ENTRY--PERSONAL NAME | |
| Personal name | Sandison, George H. |
| Fuller form of name | (George Henry), |
| Dates associated with a name | 1850- |
| 9 (RLIN) | 1887 |
| 240 10 - | |
| -- | Difficult Bible questions answered |
| 245 10 - TITLE STATEMENT | |
| Title | 1000 difficult Bible questions answered, |
| Statement of responsibility, etc. | by George H. Sandison and staff. |
| 260 ## - PUBLICATION, DISTRIBUTION, ETC. | |
| Place of publication, distribution, etc. | Grand Rapids, |
| Name of publisher, distributor, etc. | Baker Book House, |
| Date of publication, distribution, etc. | 1965. |
| 300 ## - PHYSICAL DESCRIPTION | |
| Extent | 2 v. in 1. |
| Dimensions | 20 cm. |
| 500 ## - GENERAL NOTE | |
| General note | First ed. published under title: Difficult Bible questions answered. |
| 630 00 - SUBJECT ADDED ENTRY--UNIFORM TITLE | |
| Uniform title | Bible |
| Form subdivision | Miscellanea. |
| 9 (RLIN) | 1583 |
| 906 ## - LOCAL DATA ELEMENT F, LDF (RLIN) | |
| a | 7 |
| b | cbc |
| c | orignew |
| d | u |
| e | ocip |
| f | 19 |
| g | y-gencatlg |
| 942 ## - ADDED ENTRY ELEMENTS (KOHA) | |
| Source of classification or shelving scheme | Dewey Decimal Classification |
| Koha item type | Books |
| Koha issues (borrowed), all copies | 6 |
| Withdrawn status | Lost status | Source of classification or shelving scheme | Damaged status | Not for loan | Home library | Current Library | Shelving location | Date acquired | Total checkouts | Full call number | Barcode | Date last seen | Date last checked out | Copy number | Price effective from | Koha item type |
|---|---|---|---|---|---|---|---|---|---|---|---|---|---|---|---|---|
| Dewey Decimal Classification | GRACE BIBLE COLLEGE | GRACE BIBLE COLLEGE | Biblical Studies | 2017-04-11 | 8 | 220.076 SAN | 006942 | 2025-05-01 | 2023-07-31 | c.1 | 2017-04-11 | Books |